000 00491nam a2200193Ia 4500
003 GCL
008 140319s9999 xx 000 0 eng d
040 _aGCL /
_cGCL
082 0 4 _a005.3
_bT A
100 1 _aTOWNSEND, CARL
245 1 0 _a10 MINUTE GUIDE TO ACCESS /
_cTOWNSEND, CARL
260 _a[S.N] :
_bQUE ،
_c1994
300 _a22 CM ؛
_c150 P
650 0 4 _aCOMPUTER SOFTWARE
650 0 4 _aWINDOWS
650 0 4 _aACCESS 2.0
650 0 4 _aCOMPUTER - PROPGRAMME
942 _2ddc
_cBK
999 _c12190
_d12190